000 00693cam a2200229 a 4500
001 000009564
005 20200929161627.0
008 790312s1992 sp 000 f spa d
020 _a8423310248
040 _aDO-SdBNP
_dBNPHU
082 _a863.64
_bM491n, 1992
100 1 _aMedio, Dolores,
_d1911-1996.
_q(María Dolores Medio Estrada)
_924401
245 1 0 _aNosotros, los Rivero /
_cDolores Medio.
250 _a3a ed.
260 _aBarcelona :
_bDestino,
_c1992.
300 _a359 p. ;
_c18 cm.
490 1 _aDestilibro
_v74
650 4 _aNovela española
_91123
650 4 _aLiteratura española
_ySIGLO XX
_93326
830 0 _aDestilibro ;
_v74
_924142
910 _aCatalogación derivada
999 _c9324
_d9324